| 000 | 00433nam a2200133Ia 4500 | ||
|---|---|---|---|
| 008 | 150223s9999 xx 000 0 und d | ||
| 020 | _a0130404756 | ||
| 050 |
_aBF 698.9 _b.K98 2001 |
||
| 100 | _aKwang, Ng Aik. | ||
| 245 |
_aWhy Asians are less creative than Westerners / _cNg Aik Kwang. |
||
| 260 |
_aSingapore : _bPrentice Hall, _c2001 |
||
| 300 |
_a230 pages : _bIllustration ; _c22 cm. |
||
| 504 | _aIncludes bibliography and Index. | ||
| 999 |
_c283291 _d283291 |
||